چہچہا ٹ (بچو ں کی نظميں) (Record no. 168727)

MARC details
000 -LEADER
fixed length control field 00721nam a22001937a 4500
005 - DATE AND TIME OF LATEST TRANSACTION
control field 20191022160326.0
010 ## - LCCN (DPL NO)
LC control number UR-10544
020 ## - INTERNATIONAL STANDARD BOOK NUMBER
Terms of availability 200.00
International Standard Book Number 9788193780831
035 ## - SYSTEM CONTROL NUMBER
System control number U-9099
037 ## - SOURCE OF ACQUISITION
Source of stock number/acquisition DBAD/PUB
Stock number -
082 ## - DEWEY DECIMAL CLASSIFICATION NUMBER
Classification number 841
100 ## - MAIN ENTRY--PERSONAL NAME
Personal name عز يز اللہ شير ا نی عز يز
245 ## - TITLE STATEMENT
Title چہچہا ٹ (بچو ں کی نظميں)
Statement of responsibility, etc عز يز اللہ شير ا نی عز يز
246 ## - VARYING FORM OF TITLE
Remainder of title Cheh Chaha Hat (Urdu)
Title proper/short title by Azizullah Sheerani
260 ## - PUBLICATION, DISTRIBUTION, ETC. (IMPRINT)
Place of publication, distribution, etc N.Delhi
Name of publisher, distributor, etc Markazi Maktaba Islami Publishers
Date of publication, distribution, etc 2008 ء
270 ## - ADDRESS
Address Farhat Manzil,Kali Paltan,Dewanji ke Kuaiyn ke Pass ,Tonk,
City Rajisthan,
Postal code 304001
Telephone number 9214984819
Fax number -
300 ## - PHYSICAL DESCRIPTION
Extent 112 ص
Dimensions 22 Cm(Hb)
942 ## - ADDED ENTRY ELEMENTS (KOHA)
Source of classification or shelving scheme Dewey Decimal Classification
Item type Urdu Bks
Classification part 841
Call number suffix ع ز ی
Holdings
Withdrawn status Lost status Not for loan Collection code Home library Current library Date acquired Source of acquisition Cost, normal purchase price Full call number Barcode Copy number Cost, replacement price Koha item type
    Not For Loan Non-fiction D.B.Act.Division D.B.Act.Division 22/10/2019 DBAD/PUB 200.00 841 ع ز ی U-9099 1 200.00 Urdu Bks

© Delhi Public Library
Hit Counter
free hit counter